00289nam a2200109Ia 4500008004100000041000800041082000800049100001300057245004800070260005300118300000800171231107s1999 xx 000 0 und d aeng a690 aBarry R. aThe Construction of Buildings Vol.II 5th ed aNew DelhibAffiliated East West Press Ltd.c1999 a189